| 000 | 00890nam a22002777a 4500 | ||
|---|---|---|---|
| 999 |
_c13025 _d13025 |
||
| 003 | EG-ScBUE | ||
| 005 | 20210322102325.0 | ||
| 008 | 091210s1987 enk f 000 h eng d | ||
| 020 | _a099510405 | ||
| 020 | _a9780099510406 | ||
| 040 |
_aEG-ScBUE _beng _erda _cEG-ScBUE _dEG-ScBUE |
||
| 082 | 0 | 4 |
_a818.5402 _bHEG _222 |
| 100 | 1 |
_99884 _aHegarty, John, _d1944- _eauthor. |
|
| 245 | 1 | 0 |
_aNot the Elephant joke book/ _cJohn Hegarty ; illustrated by David Mckee. |
| 264 | 1 |
_aLondon : _bA Beaver Book, _c1987. |
|
| 300 |
_a91 pages : _billustrations ; _c17 cm |
||
| 336 |
_2rdacontent _atext _btxt |
||
| 337 |
_2rdamedia _aunmediated _bn |
||
| 338 |
_2rdacarrier _avolume _bnc |
||
| 650 | 7 |
_99883 _aAnimals _xJuvenile humor. _2BUEsh |
|
| 650 | 7 |
_99882 _aWit and humor, Juvenile. _2BUEsh |
|
| 651 | _2BUEsh | ||
| 653 |
_bHHUUEENN _cMarch2021 |
||
| 655 |
_vReading book _934232 |
||
| 942 |
_2ddc _cBB |
||